Enterprise planning and development : (Record no. 10000)

MARC details
000 -LEADER
fixed length control field 00649nam a22002052 4500
001 - CONTROL NUMBER
control field 0000023835
005 - DATE AND TIME OF LATEST TRANSACTION
control field 20151217152249.0
008 - FIXED-LENGTH DATA ELEMENTS--GENERAL INFORMATION
fixed length control field 130403s xx 000 0 eng d
020 ## - INTERNATIONAL STANDARD BOOK NUMBER
International Standard Book Number 0750680644 :
040 ## - CATALOGING SOURCE
Original cataloging agency KABU
Transcribing agency KABU
100 1# - MAIN ENTRY--PERSONAL NAME
Personal name Butler, David.
-- 0000183564
245 10 - TITLE STATEMENT
Title Enterprise planning and development :
Remainder of title small business start-up, survival and development /
Statement of responsibility, etc. David Butler.
250 ## - EDITION STATEMENT
Edition statement 1st ed.
260 ## - PUBLICATION, DISTRIBUTION, ETC. (IMPRINT)
Place of publication, distribution, etc. Boston :
Name of publisher, distributor, etc. Elsevier,
Date of publication, distribution, etc. 2006.
300 ## - PHYSICAL DESCRIPTION
Extent xviii, 405 p.
650 #0 - SUBJECT ADDED ENTRY--TOPICAL TERM
Topical term or geographic name as entry element Small business
General subdivision Management.
-- 0000148137
852 1# - LOCATION
-- p3500 KES
908 ## - PUT COMMAND PARAMETER (RLIN)
Put command parameter 130403
950 ## - LOCAL HOLDINGS (RLIN)
-- 1
Holdings
Withdrawn status Lost status Source of classification or shelving scheme Not for loan Home library Current library Date acquired Total Checkouts Full call number Barcode Date last seen Date last checked out Price effective from Koha item type
    Library of Congress Classification   Kabarak, Nairobi City Campus Kabarak, Nairobi City Campus 17/12/2015 1 HD62.7 .B88 2006 c. 1 014901 02/08/2024 15/07/2016 17/12/2015 General Collection
    Library of Congress Classification   Kabarak, Nairobi City Campus Kabarak, Nairobi City Campus 17/12/2015   HD62.7 .B88 2006 c. 2 024552 02/08/2024   17/12/2015 General Collection
Designed with assistance from East African Informatics Ltd